| 000 | 00757nam a2200241 a 4500 | ||
|---|---|---|---|
| 001 | 000015064 | ||
| 005 | 20200929163937.0 | ||
| 008 | 100129s1991 sp 000 f spa d | ||
| 020 | _a8477301417 | ||
| 040 |
_aDO-SdBNP _bspa _cBNPHU |
||
| 041 | 1 | 7 |
_aspa _heng _2Código de idioma MARC |
| 082 |
_a823.914 _bG842a |
||
| 100 | 1 |
_aGrey, Belle, _934107 |
|
| 240 | 1 | 0 |
_aAngel. _lEspañol |
| 245 | 1 | 0 |
_aÁngel / _cBelle Grey ; Concha Cardeñoso Sáenz de Miera. |
| 260 |
_aBarcelona : _bVidorama, _c1991. |
||
| 300 |
_a318 p. ; _c19 cm. |
||
| 534 |
_pTítulo original en inglés: _tAngel, _c1990 |
||
| 650 | 4 |
_aNovela inglesa _91071 |
|
| 650 | 4 |
_aLiteratura inglesa _ySIGLO XX _94369 |
|
| 700 | 1 |
_aCardeñoso Sáenz de Miera, Concha, _etr. _934108 |
|
| 049 | _aBNGR | ||
| 999 |
_c14636 _d14636 |
||